Statistics for Born in Stoke-on-Trent

Click here to take the quiz!

General Stats

  • This quiz has been taken 45 times
    (24 since last reset)
  • The average score is 5 of 11

Answer Stats

HintAnswer% Correct
Singer, solo artist and former member of Take That, "Angels" "Candy" "Love My Life"1974Robbie Williams
86%
Most successful darts player ever and winner of 16 World Championships1960Phil Taylor
73%
Former Footballer who played for Stoke City, Blackpool and English national team, "The Wizard of the Dribble"1915Stanley Matthews
68%
Chairman of Stoke City and co-founder of bet365 1938Peter Coates
64%
Goalkeeper who plays for Arsenal and the English national team1998Aaron Ramsdale
59%
Captain of the Titanic1850Edward Smith
50%
Darts player and two-time World Darts Champion, nicknamed "Jackpot"1985Adrian Lewis
41%
Founder, lead singer and bassist of Motörhead1945Lemmy
41%
Darts player and World Championship runner up 2012, nicknamed "The Hammer"1967Andy Hamilton
23%
Actor, known for his role as James Potter in "Harry Potter" films1958Adrian Rawlins
9%
Joint founder of Primitive Methodism1772Hugh Bourne
5%

Score Distribution

Percentile by Number Answered

Percent of People with Each Score

Your Score History

You have not taken this quiz since the last reset